000
00330nam a22001457a 4500
008
221014b ||||| |||| 00| 0 eng d
020
_a
9780721603773
041
_a
eng
080
_2
second edition
_a
610.73
082
_a
610.73
100
_a
9
101
_a
inf
245
_a
TEACHING IN NURSING
_c
BILLINGS D
942
_2
udc
_c
BK
999
_c
58553
_d
58553